000 00544nam a22001817a 4500
005 20251108164059.0
008 250721s1990 xx 000 0 ara d
082 1 4 _a811.9611/ريا
100 1 _aالعيلاوي، محمد
_eشارح
245 1 0 _aدايون إبراهيم الرياحي /
264 1 _aبيروت :
_bدار الغرب،
_c1990.
650 1 7 _aالأدب العربي
650 1 7 _aالشعر العربي
650 1 7 _aتونس
700 1 _aالساحلي، حمادي
_eتحقيق
942 _2ddc
_cBK
999 _c3112
_d3112